000 00689nam a2200265Ia 4500
005 20260121171053.0
008 008 260114s9999 xx 000 0 eng d
020 _a9783030032258
037 _aEBOOK
040 _aCRL
040 _beng
040 _cCRL
041 _2eng
041 _aeng
084 _qCRL
100 _aJameson K. Hirsch, Edward C. Chang, Jessica Kelliher Rabon
_91071668
245 2 _aA Positive Psychological Approach to Suicide
260 _bSpringer
260 _bSpringer
260 _c2018
856 _uhttps://link.springer.com/openurl?genre=book&isbn=978-3-030-03225-8
942 _cEBOOK
999 _c1637398
_d1637398